| 000 | 01113nam a22002657a 4500 | ||
|---|---|---|---|
| 999 |
_c21609 _d21609 |
||
| 003 | AR-CdUCM | ||
| 008 | 190312b ||||| |||| 00| 0 spa d | ||
| 020 | _a9786123170820 | ||
| 040 |
_aMUNICIPALIDAD PROVINCIAL DEL CUSCO _cBIBLIOTECA MUNICIPAL DEL CUSCO |
||
| 082 |
_a142.7/R68 _bR68 |
||
| 100 |
_aRizo-Patrón, Rosemary _945517 |
||
| 245 |
_aLa agonía de la razón : _breflexiones desde la fenomenología práctica / _cRosemary Rizo-Patrón de Lerner |
||
| 260 |
_aLima : _aBarcelona : _bPontificia Universidad Católica del Perú, _bAnthropos Editorial, _c2015. |
||
| 300 |
_a399 páginas. : _c21 cm. |
||
| 440 |
_aFilosofía, _n92. _945519 |
||
| 500 | _zIncluye referencias bibliográficas. | ||
| 505 | _aContenido: Dimensiones de la razón y constitución de la persona individual y colectiva -- Del fundacionalismo moderno a la responsabilidad práctica | ||
| 650 |
_aFenomenología _945518 |
||
| 650 |
_aÉtica social _916288 |
||
| 650 |
_aCiencias sociales _91096 |
||
| 650 |
_aFilosofía _9395 |
||
| 710 |
_aPontificia Universidad Católica del Perú _9400 |
||
| 942 |
_2ddc _cLIBROS |
||
| 945 | _aRoel | ||